Statistics for Страны на Чёрном море с картой

Click here to take the quiz!

General Stats

  • This quiz has been taken 1 171 times
  • The average score is 6 of 6

Answers on the Map

Answers color-coded by a green-red scale on the quiz's map according to % correct below.
 

Answer Stats

Страна% Correct
Россия
99%
Украина
98%
Турция
97%
Грузия
89%
Румыния
87%
Болгария
85%

Score Distribution

Percentile by Number Answered

Percent of People with Each Score

Your Score History

You have not taken this quiz